Online katalóg knižníc regiónu Turca

Proglas (Record no. 20439)

MARC details
000 -LEADER
fixed length control field 01249nam a2200421 a 4500
001 - CONTROL NUMBER
control field 20439
003 - CONTROL NUMBER IDENTIFIER
control field VRT
005 - DATE AND TIME OF LATEST TRANSACTION
control field 20260122140805.0
008 - FIXED-LENGTH DATA ELEMENTS--GENERAL INFORMATION
fixed length control field 960531q1995 xo p 000 0 slo c
020 ## - INTERNATIONAL STANDARD BOOK NUMBER
International Standard Book Number 8088834031 (brož.)
035 ## - SYSTEM CONTROL NUMBER
System control number UKB000184610
040 ## - CATALOGING SOURCE
Original cataloging agency BAA001
Language of cataloging slo
Transcribing agency BAA001
Description conventions AACR2
041 1# - LANGUAGE CODE
Language code of text/sound track or separate title slo
044 ## - COUNTRY OF PUBLISHING/PRODUCING ENTITY CODE
MARC country code xo
ISO country code SK
080 ## - UNIVERSAL DECIMAL CLASSIFICATION NUMBER
Universal Decimal Classification number 881-93-31
080 ## - UNIVERSAL DECIMAL CLASSIFICATION NUMBER
Universal Decimal Classification number 82-93-32
243 10 - COLLECTIVE UNIFORM TITLE
Uniform title <a href="Stredoveká literatúra">Stredoveká literatúra</a>
245 10 - TITLE STATEMENT
Title Proglas
Remainder of title antológia zo staroslovienskej a stredovekej literatúry
Statement of responsibility, etc. [prel. Peter Ratkoš ... et al.]
260 ## - PUBLICATION, DISTRIBUTION, ETC.
Place of publication, distribution, etc. Rohovce
Name of publisher, distributor, etc. Interpopulart Slovakia
Date of publication, distribution, etc. [1995]
300 ## - PHYSICAL DESCRIPTION
Extent 75 s
490 1# - SERIES STATEMENT
Series statement Populart. Študentská knižnica
Volume/sequential designation 4
500 ## - GENERAL NOTE
General note Stredoveká literatúra
504 ## - BIBLIOGRAPHY, ETC. NOTE
Bibliography, etc. note Bibliogr. s. 74
650 07 - SUBJECT ADDED ENTRY--TOPICAL TERM
Topical term or geographic name entry element literatúra staroslovienska
650 07 - SUBJECT ADDED ENTRY--TOPICAL TERM
Topical term or geographic name entry element próza
650 07 - SUBJECT ADDED ENTRY--TOPICAL TERM
Topical term or geographic name entry element literatúra stredoveká
650 07 - SUBJECT ADDED ENTRY--TOPICAL TERM
Topical term or geographic name entry element próza
653 ## - INDEX TERM--UNCONTROLLED
Uncontrolled term 881-93-31
653 ## - INDEX TERM--UNCONTROLLED
Uncontrolled term 82-93-32
700 1# - ADDED ENTRY--PERSONAL NAME
Personal name Ratkoš, Peter
Relationship trl
760 1# - MAIN SERIES ENTRY
Title Populart. Študentská knižnica
830 #0 - SERIES ADDED ENTRY--UNIFORM TITLE
Uniform title Populart. Študentská knižnica
Volume/sequential designation 4
910 ## - USER-OPTION DATA (OCLC)
User-option data ukb
942 ## - ADDED ENTRY ELEMENTS (KOHA)
Source of classification or shelving scheme Dewey Decimal Classification
Koha item type Krásna literatúra pre dospelých
Suppress in OPAC No
949 ## - LOCAL PROCESSING INFORMATION (OCLC)
6 1800004755
a 30.D.64395
b PV.1809-96
949 ## - LOCAL PROCESSING INFORMATION (OCLC)
6 1800006901
a 30.D.64395
b KD.166-96
949 ## - LOCAL PROCESSING INFORMATION (OCLC)
6 1800004754
a SL.D.23145
b PV.1810-96
Holdings
Stav vyradenia Strata Poškodenie Spôsob nadobudnutia Domovská knižnica Aktuálna knižnica Dátum nadobudnutia Total checkouts Čiarový kód exemplára Date last seen Typ exemplára
      Dar Obecná knižnica Horná Štubňa Obecná knižnica Horná Štubňa 22.01.2026   8088834031 22.01.2026 Krásna literatúra pre dospelých
Projekt je podporený Slovenskou asociáciou knižníc
Prevádzkuje Turčianska knižnica Martin 2026